S5 Stationen (Karte Berliner Ortsteile) - Statistiken

Allgemein
  • Dieses Quiz wurde 23 mal gespielt
    22 seit der letzten Aktualisierung
  • Das Durchschnittsergebnis liegt bei 24 aus 30
Antworten auf der Karte
Die Antworten werden auf der Karte rot bzw. grün angezeigt, abhängig davon wie oft sie richtig erraten wurden.
 
Antwortstatistiken
Antwort % Korrekt
Charlottenburg
100%
Savignyplatz
100%
Tiergarten
100%
Westkreuz
100%
Zoologischer Garten
100%
Alexanderplatz
92%
Bellevue
92%
Friedrichstraße
92%
Hackescher Markt
92%
Hauptbahnhof
92%
Jannowitzbrücke
92%
Lichtenberg
92%
Ostbahnhof
92%
Ostkreuz
92%
Warschauer Straße
92%
Biesdorf
83%
Friedrichsfelde Ost
83%
Nöldnerplatz
83%
Strausberg-Nord
83%
Kaulsdorf
75%
Birkenstein
67%
Hoppegarten
67%
Mahlsdorf
67%
Strausberg
67%
Wuhletal
67%
Petershagen-Nord
58%
Strausberg-Stadt
58%
Fredersdorf
50%
Hegermühle
50%
Neuenhagen
50%
Keine übereinstimmenden Quizze gefunden
Verteilung der Resultate
Anzahl Personen mit jedem Resultat
Perzentil nach korrekt beantworteten Fragen
Ihre Resultats-Entwicklung
Sie haben dieses Quiz seit der letzten Aktualisierung nicht gespielt